<?xml version="1.0" encoding="UTF-8"?>
<record
    xmlns:xsi="http://www.w3.org/2001/XMLSchema-instance"
    xsi:schemaLocation="http://www.loc.gov/MARC21/slim http://www.loc.gov/standards/marcxml/schema/MARC21slim.xsd"
    xmlns="http://www.loc.gov/MARC21/slim">

  <leader>01565nam a2200277uu 4500</leader>
  <controlfield tag="001">1268928</controlfield>
  <controlfield tag="005">20260508072203.0</controlfield>
  <controlfield tag="008">120117s2010                        spa  </controlfield>
  <datafield tag="020" ind1=" " ind2=" ">
    <subfield code="a">9788408084266</subfield>
  </datafield>
  <datafield tag="035" ind1=" " ind2=" ">
    <subfield code="a">1268928</subfield>
  </datafield>
  <datafield tag="040" ind1=" " ind2=" ">
    <subfield code="c">comduadb</subfield>
  </datafield>
  <datafield tag="041" ind1=" " ind2=" ">
    <subfield code="a">spa</subfield>
  </datafield>
  <datafield tag="082" ind1=" " ind2="4">
    <subfield code="a">863</subfield>
  </datafield>
  <datafield tag="100" ind1="1" ind2="0">
    <subfield code="a">Ruiz Zaf&#xF3;n, Carlos,</subfield>
    <subfield code="d">1964-</subfield>
    <subfield code="4">aut</subfield>
    <subfield code="e">aut</subfield>
  </datafield>
  <datafield tag="245" ind1="1" ind2="0">
    <subfield code="a">Marina</subfield>
  </datafield>
  <datafield tag="250" ind1=" " ind2=" ">
    <subfield code="a">1. edici&#xF3;n</subfield>
  </datafield>
  <datafield tag="260" ind1=" " ind2=" ">
    <subfield code="a">Barcelona :</subfield>
    <subfield code="b">Booket,</subfield>
    <subfield code="c">2010.</subfield>
  </datafield>
  <datafield tag="300" ind1=" " ind2=" ">
    <subfield code="a">290 p&#xE1;ginas</subfield>
  </datafield>
  <datafield tag="500" ind1=" " ind2=" ">
    <subfield code="a">GENERAL : Und&#xE9;cima impresi&#xF3;n  : octubre de 2010.</subfield>
  </datafield>
  <datafield tag="520" ind1="3" ind2=" ">
    <subfield code="a">RESE&#xD1;A : En la Barcelona de 1980 &#xD3;scar Drai sue&#xF1;a despierto, deslumbrado por los palacetes modernistas cercanos al internado en el que estudia. En una de sus escapadas conoce a Marina, una chica delicada de salud que comparte con &#xD3;scar la aventura de adentrarse en un enigma doloroso del pasado de la ciudad. Un misterioso personaje de la posguerra se propuso el mayor desaf&#xED;o imaginable, pero su ambici&#xF3;n lo arrastr&#xF3; por sendas siniestras cuyas consecuencias debe pagar alguien todav&#xED;a hoy. "Quince a&#xF1;os m&#xE1;s tarde, la memoria de aquel d&#xED;a ha vuelto a m&#xED;. He visto a aquel muchacho vagando entre las brumas de la estaci&#xF3;n de Francia y el nombre de Marina se ha encendido de nuevo como una herida fresca. Todos tenemos un secreto encerrado bajo llave en el &#xE1;tico del alma. &#xC9;ste es el m&#xED;o."</subfield>
  </datafield>
  <datafield tag="650" ind1=" " ind2="7">
    <subfield code="a">Literatura espa&#xF1;ola</subfield>
    <subfield code="2">lemb</subfield>
    <subfield code="9">52102</subfield>
  </datafield>
  <datafield tag="650" ind1=" " ind2="7">
    <subfield code="a">Autores espa&#xF1;oles</subfield>
    <subfield code="2">lemb</subfield>
    <subfield code="9">21034</subfield>
  </datafield>
  <datafield tag="650" ind1=" " ind2=" ">
    <subfield code="a">Literatura popular - Espa&#xF1;a</subfield>
    <subfield code="9">179424</subfield>
  </datafield>
  <datafield tag="650" ind1=" " ind2="7">
    <subfield code="a">Novela espa&#xF1;ola</subfield>
    <subfield code="2">lemb</subfield>
    <subfield code="9">6467</subfield>
  </datafield>
  <datafield tag="942" ind1=" " ind2=" ">
    <subfield code="c">BOOK</subfield>
  </datafield>
  <datafield tag="999" ind1=" " ind2=" ">
    <subfield code="c">609863</subfield>
    <subfield code="d">609863</subfield>
  </datafield>
  <datafield tag="952" ind1=" " ind2=" ">
    <subfield code="0">0</subfield>
    <subfield code="1">0</subfield>
    <subfield code="4">0</subfield>
    <subfield code="7">0</subfield>
    <subfield code="8">COLIT</subfield>
    <subfield code="a">BC</subfield>
    <subfield code="b">BC</subfield>
    <subfield code="d">2012-01-17</subfield>
    <subfield code="e">Agapea</subfield>
    <subfield code="g">39924.00</subfield>
    <subfield code="i">C1134337</subfield>
    <subfield code="l">5</subfield>
    <subfield code="m">3</subfield>
    <subfield code="o">863 R934m</subfield>
    <subfield code="p">806285</subfield>
    <subfield code="r">2025-11-13 14:47:39</subfield>
    <subfield code="s">2025-10-17</subfield>
    <subfield code="t">1</subfield>
    <subfield code="w">2023-05-01</subfield>
    <subfield code="y">BOOK</subfield>
  </datafield>
</record>
